[Event "AUTO-OPEN-3310"]
[Site "http://www.queenalice.com/game.php?id=1301825"]
[Date "2014.8.16"]
[Round "1"]
[White "gambito2014"]
[Black "Eggchaser"]
[Result "1-0"]
[WhiteElo "1500"]
[BlackElo "1815"]

1. e4 c5 2. Nf3 d6 3. d4 cxd4 4. Nxd4 a6 5. Nc3 Nf6 6. f3 e5 7. Nb3 Be6 8. Be3
Be7 9. Qd2 O-O 10. O-O-O Nbd7 11. g4 1-0

[Event "AUTO-OPEN-3310"]
[Site "http://www.queenalice.com/game.php?id=1301846"]
[Date "2014.8.16"]
[Round "1"]
[White "Zugswang"]
[Black "gambito2014"]
[Result "0-1"]
[WhiteElo "2212"]
[BlackElo "2110"]

1. e4 e5 2. f4 exf4 3. Nf3 g5 4. Bc4 Bg7 5. d4 d6 6. c3 Qe7 7. O-O h6 8. e5 dxe5
9. Qe2 e4 10. Nfd2 Nf6 11. Re1 Bg4 12. Qf1 e3 13. Na3 Nbd7 14. Nb5 O-O-O 15.
Nxa7+ Kb8 16. Nb5 Nb6 17. Bb3 Qd7 18. Nf3 Bxf3 19. gxf3 g4 20. Bxe3 fxe3 21.
Rxe3 Nbd5 22. Bxd5 Nxd5 23. Re4 gxf3 24. a4 Qf5 25. Rae1 Rhg8 26. Kf2 Bf6 27.
Qc4 Rg2+ 28. Kf1 Qh3 0-1

[Event "AUTO-OPEN-3310"]
[Site "http://www.queenalice.com/game.php?id=1301847"]
[Date "2014.8.16"]
[Round "1"]
[White "gambito2014"]
[Black "Zugswang"]
[Result "1-0"]
[WhiteElo "1858"]
[BlackElo "2215"]

1. e4 Nf6 2. e5 Nd5 3. d4 d6 4. Nf3 g6 5. Bc4 c6 6. O-O Bg7 7. exd6 Qxd6 8. Re1
O-O 9. h3 b5 10. Bb3 a5 11. Bg5 f6 12. Bh4 Bb7 13. Bg3 Qd8 14. Nc3 b4 15. Na4
Nd7 16. c4 N5b6 17. c5+ Nd5 18. Re6 h6 19. Nh4 Kf7 20. Qg4 g5 21. Nf5 Kxe6 22.
Re1+ Kf7 23. Qh5+ Kg8 24. Qg6 Rf7 25. Nxh6+ 1-0

[Event "AUTO-OPEN-3310"]
[Site "http://www.queenalice.com/game.php?id=1301860"]
[Date "2014.8.16"]
[Round "1"]
[White "gambito2014"]
[Black "od_xavier"]
[Result "1-0"]
[WhiteElo "2244"]
[BlackElo "1878"]

1. e4 e5 2. Nf3 Nc6 3. Bb5 Nf6 4. O-O Bc5 5. c3 a6 6. Bxc6 dxc6 7. Nxe5 O-O 8.
d3 h6 9. h3 Re8 10. Nf3 b5 11. a4 Bb7 12. Bf4 Ba7 13. Na3 c5 14. axb5 axb5 15.
Nxb5 Bb6 16. Rxa8 Bxa8 17. Na3 Nh5 18. Bh2 f6 19. Nh4 Bc6 20. Qxh5 Qxd3 21. Nf5
Qxe4 22. Qg6 Re7 23. Nxe7+ Qxe7 24. Qd3 Qe8 25. Rd1 Qe6 26. Qc4 Qxc4 27. Nxc4
Ba7 28. Bxc7 g5 29. Ra1 Bd5 30. Ne3 Be6 31. Rxa7 Kf8 32. Bd6+ Kg8 33. Bxc5 h5
34. b4 f5 35. b5 f4 36. b6 fxe3 37. b7 1-0

[Event "AUTO-OPEN-3310"]
[Site "http://www.queenalice.com/game.php?id=1301861"]
[Date "2014.8.16"]
[Round "1"]
[White "od_xavier"]
[Black "gambito2014"]
[Result "0-1"]
[WhiteElo "1878"]
[BlackElo "2236"]

1. e4 e5 2. Nf3 Nc6 3. Bb5 a6 4. Ba4 Nf6 5. Nc3 b5 6. Bb3 h6 7. a3 Bc5 8. d3 d6
9. h3 Ne7 10. O-O c6 11. Ne2 Bb6 12. c3 Bd7 13. Bc2 Ng6 14. d4 Qc7 15. d5 cxd5
16. exd5 Qb7 17. Bb3 Ne7 18. Ba2 Ne4 19. Be3 Bxe3 20. fxe3 Qb6 21. Qd3 Bf5 22.
Qd1 Qxe3+ 23. Kh1 Qxe2 24. Qxe2 Ng3+ 25. Kh2 Nxe2 26. Rae1 Bd3 27. Rf2 e4 28.
Nd4 Nxd4 29. Re3 Ndf5 30. Re1 e3 31. Rf3 h5 32. b4 a5 33. Bb1 Bxb1 34. Rxb1 axb4
35. axb4 g6 36. Rf4 Nxd5 0-1

[Event "AUTO-OPEN-3310"]
[Site "http://www.queenalice.com/game.php?id=1336560"]
[Date "2015.1.23"]
[Round "2"]
[White "Mapelli"]
[Black "gambito2014"]
[Result "0-1"]
[WhiteElo "1650"]
[BlackElo "2250"]

1. b3 d5 2. Bb2 Nc6 3. g3 e5 4. Bg2 Nf6 5. Nf3 Bd6 6. Nc3 e4 7. Ng5 h6 8. Nh3 d4
9. Nxe4 Nxe4 10. Bxe4 Bxh3 11. e3 Qd7 12. exd4 O-O-O 13. d5 Rhe8 14. d3 f5 15.
Qh5 fxe4 16. O-O-O Ne5 17. dxe4 Bg4 18. Qh4 Nf3 19. Qxd8+ Kxd8 20. h3 Bxh3 21.
Rd3 Rxe4 22. Rxf3 Bg2 0-1

[Event "AUTO-OPEN-3310"]
[Site "http://www.queenalice.com/game.php?id=1336561"]
[Date "2015.1.23"]
[Round "2"]
[White "gambito2014"]
[Black "Mapelli"]
[Result "1-0"]
[WhiteElo "2250"]
[BlackElo "1650"]

1. e4 b6 2. d4 Bb7 3. Nc3 g6 4. Nf3 Bg7 5. Bc4 e6 6. O-O Nf6 7. e5 Ng4 8. h3 Nh6
9. Bg5 f6 10. exf6 Bf8 11. f7+ Nxf7 12. Bxd8 Nxd8 13. d5 exd5 14. Nxd5 Bd6 15.
Qd4 Rf8 16. Nf6+ Ke7 17. Rfe1+ Ne6 18. Bxe6 dxe6 19. Rxe6+ Kxe6 20. Re1+ Kf7 21.
Ng5+ Kg7 22. Ne8+ Kh6 23. Qh4# 1-0

[Event "AUTO-OPEN-3310"]
[Site "http://www.queenalice.com/game.php?id=1336574"]
[Date "2015.1.23"]
[Round "2"]
[White "gambito2014"]
[Black "SubRoger"]
[Result "1-0"]
[WhiteElo "2268"]
[BlackElo "2099"]

1. e4 c5 2. Nf3 g6 3. d4 b6 4. Bc4 Bg7 5. dxc5 bxc5 6. Qd5 e6 7. Qxa8 Nc6 8. Bg5
Nge7 9. Nc3 O-O 10. Bxe7 Qxe7 11. O-O-O Ba6 12. Qxf8+ Kxf8 13. Bxa6 Nd4 14. Nd2
Qd8 15. Kb1 Qa5 16. Bc4 Nc6 17. Bb3 Bxc3 18. Nc4 Qb4 19. bxc3 Qxc3 20. Rxd7 a5
21. Nd6 Ne5 22. Rd8+ Ke7 23. Rd1 c4 24. f4 cxb3 25. Re8+ Kf6 26. fxe5+ Kxe5 27.
axb3 a4 28. Rc8 Qb4 29. Rc4 Qb6 30. Nxf7+ Kf6 31. Rf1+ Kg7 32. Rxa4 1-0

[Event "AUTO-OPEN-3310"]
[Site "http://www.queenalice.com/game.php?id=1336575"]
[Date "2015.1.23"]
[Round "2"]
[White "SubRoger"]
[Black "gambito2014"]
[Result "0-1"]
[WhiteElo "2053"]
[BlackElo "2250"]

1. f4 d5 2. d4 c5 3. c3 e6 4. e3 Nf6 5. Nf3 Nc6 6. a3 Be7 7. Bd3 O-O 8. O-O a6
9. Nbd2 h6 10. Ne5 Qc7 11. Ndf3 c4 12. Bc2 b5 13. Qe2 Bb7 14. Kh1 a5 15. Rg1 Ne4
16. g4 g5 17. fxg5 hxg5 18. Bd2 Nxe5 19. Nxe5 Kg7 20. Raf1 f6 21. Nf3 Bd6 22.
Be1 Rh8 23. Rg2 Raf8 24. Bxe4 dxe4 25. Nd2 Rh3 26. Bf2 Bxh2 27. Bg1 Bg3+ 28. Bh2
Bxh2 29. Rxh2 Rxh2+ 0-1

[Event "AUTO-OPEN-3310"]
[Site "http://www.queenalice.com/game.php?id=1361631"]
[Date "2015.5.25"]
[Round "3"]
[White "gambito2014"]
[Black "Lindomar"]
[Result "1-0"]
[WhiteElo "2318"]
[BlackElo "2218"]

1. e4 e5 2. Nf3 Nc6 3. Bb5 a6 4. Ba4 Nf6 5. O-O b5 6. Bb3 Be7 7. Re1 d6 8. c3
Bg4 9. h3 Bh5 10. d3 Na5 11. Bc2 c5 12. Nbd2 O-O 13. Nf1 Qc7 14. Ne3 c4 15. Nf5
cxd3 16. Qxd3 Rfe8 17. a4 Bf8 18. axb5 axb5 19. Qxb5 Bxf3 20. gxf3 Reb8 21. Qd3
Nb7 22. Rxa8 Rxa8 23. f4 Ra1 24. Rd1 Nc5 25. Qf3 Ne6 26. fxe5 dxe5 27. Nh6+ Kh8
28. Bb3 Qe7 29. Ng4 Nc5 30. Bc2 Nfd7 31. Kh2 Qe6 32. b4 Nb7 33. Bb3 Qxb3 34.
Rxd7 Nd6 35. Rd8 Kg8 36. Nh6+ 1-0

[Event "AUTO-OPEN-3310"]
[Site "http://www.queenalice.com/game.php?id=1361632"]
[Date "2015.5.25"]
[Round "3"]
[White "Lindomar"]
[Black "gambito2014"]
[Result "0-1"]
[WhiteElo "2287"]
[BlackElo "2288"]

1. d4 d5 2. c4 c6 3. Nc3 Nf6 4. Nf3 e6 5. e3 Nbd7 6. Bd3 dxc4 7. Bxc4 b5 8. Bd3
Bb7 9. O-O a6 10. Qe2 c5 11. Rd1 Qb6 12. b3 Be7 13. Bb2 cxd4 14. Nxd4 O-O 15.
Rac1 Rac8 16. a3 Rc7 17. b4 Ne5 18. h3 Nxd3 19. Qxd3 Nd7 20. Nce2 Ne5 21. Qb1
Bd6 22. Rxc7 Qxc7 23. Rc1 Nc4 24. Qc2 Rc8 25. Qb3 Qd8 26. Nc3 Qg5 27. e4 Ne3 28.
fxe3 Qxe3+ 29. Kh1 Bxe4 0-1

[Event "AUTO-ELITE-1650"]
[Site "http://www.queenalice.com/game.php?id=1413849"]
[Date "2016.3.17"]
[Round "1"]
[White "Sexxy_Bunny"]
[Black "gambito2014"]
[Result "1-0"]
[WhiteElo "2739"]
[BlackElo "2408"]

1. e4 e5 2. Nf3 Nc6 3. Bb5 a6 4. Ba4 Nf6 5. O-O Be7 6. Re1 b5 7. Bb3 O-O 8. c3
d6 9. h3 Bb7 10. d4 Re8 11. Nbd2 Bf8 12. d5 Nb8 13. Nf1 Nbd7 14. N3h2 Be7 15.
Nf3 Nc5 16. Bc2 c6 17. b4 Ncd7 18. dxc6 Bxc6 19. Ng3 Nb6 20. Bb3 Qc7 21. Be3 Nc4
22. Bg5 h6 23. Bxf6 Bxf6 24. Bxc4 bxc4 25. Qe2 Bd7 26. a4 Be6 27. Nh2 Qc6 28.
Ng4 Bg5 29. Ne3 g6 30. Red1 Kg7 31. Nd5 Rac8 32. Nf1 Rf8 33. Nfe3 f5 34. b5 axb5
35. exf5 gxf5 36. Nb4 Qc5 37. Na6 Qa7 38. Rxd6 Qe7 39. Rb6 bxa4 40. Rxa4 Qf7 41.
Rab4 Rfe8 42. R4b5 Bd7 43. Rc5 Rxc5 44. Nxc5 Be6 45. Nxe6+ Rxe6 46. Rb5 Bxe3 47.
Qxe3 Qf6 48. Qc5 e4 49. Qxf5 Qxf5 50. Rxf5 e3 51. Kf1 exf2 52. Kxf2 Rc6 53. Rd5
Kg6 54. Ke3 h5 55. Kd4 Kh6 56. Rf5 Rg6 57. Rf2 Rc6 58. g3 Rc8 59. Rf6+ Kg5 60.
Rf4 Rc6 61. Kd5 Rc8 62. Rxc4 1-0

[Event "AUTO-ELITE-1650"]
[Site "http://www.queenalice.com/game.php?id=1413850"]
[Date "2016.3.17"]
[Round "1"]
[White "gambito2014"]
[Black "Sexxy_Bunny"]
[Result "1/2-1/2"]
[WhiteElo "2340"]
[BlackElo "2755"]

1. e4 c5 2. Nf3 d6 3. d4 cxd4 4. Nxd4 Nf6 5. Nc3 a6 6. Bg5 e6 7. f4 Qb6 8. Qd2
Qxb2 9. Rb1 Qa3 10. f5 Nc6 11. fxe6 fxe6 12. Nxc6 bxc6 13. Be2 Be7 14. O-O O-O
15. Rb3 Qc5+ 16. Be3 Qe5 17. Bf4 Qc5+ 18. Be3 1/2-1/2

[Event "AUTO-ELITE-1650"]
[Site "http://www.queenalice.com/game.php?id=1413855"]
[Date "2016.3.17"]
[Round "1"]
[White "pumamercedino"]
[Black "gambito2014"]
[Result "0-1"]
[WhiteElo "2528"]
[BlackElo "2340"]

1. e4 e5 2. Nf3 Nc6 3. Bb5 a6 4. Bxc6 dxc6 5. O-O f6 6. d4 Bg4 7. dxe5 Qxd1 8.
Rxd1 fxe5 9. Rd3 Bd6 10. Nbd2 Nf6 11. Nc4 O-O 12. Nfxe5 Be2 13. Re3 Bxc4 14.
Nxc4 Ng4 15. Re2 Bxh2+ 16. Kf1 Rae8 17. Nd2 Rd8 18. f3 Bg3 19. Kg1 Nf6 20. b3
Be5 21. Rb1 Nh5 22. Nf1 Rd1 23. Rd2 Re1 24. Kf2 Rxe4 25. Ba3 Bd4+ 26. Rxd4 Rxd4
27. Bxf8 Kxf8 28. Re1 Kf7 29. g3 Nf6 30. c4 h5 31. Re5 g6 32. Re2 Nd7 33. Ke3
Rd6 34. Nd2 Nc5 35. b4 Rd3+ 36. Kf2 Ne6 37. Ne4 Ra3 38. Kg2 g5 39. Rb2 b6 40. c5
b5 41. Nd2 a5 42. bxa5 Rxa5 43. Nb3 Ra4 44. Re2 Rc4 45. Rd2 Kf6 0-1

[Event "AUTO-ELITE-1650"]
[Site "http://www.queenalice.com/game.php?id=1413856"]
[Date "2016.3.17"]
[Round "1"]
[White "gambito2014"]
[Black "pumamercedino"]
[Result "1-0"]
[WhiteElo "2376"]
[BlackElo "2510"]

1. e4 e6 2. d4 d5 3. Nc3 Bb4 4. e5 c5 5. a3 Bxc3+ 6. bxc3 Qa5 7. Bd2 Qa4 8. Qg4
g6 9. Bd3 c4 10. Be2 Qxc2 11. Nf3 h6 12. O-O Nc6 13. Bd1 Qf5 14. Qg3 g5 15. Ne1
Qg6 16. Bc2 Qg7 17. h4 Na5 18. Rb1 Nb3 19. Be3 Ne7 20. hxg5 hxg5 21. Qxg5 Qxg5
22. Bxg5 Bd7 23. g3 b6 24. Kg2 Ba4 25. Bf6 Rh6 26. Bg7 Rh5 27. Bd1 Rh7 28. Bf6
Ng8 29. Bg5 Kd7 30. Nf3 Rh8 31. Nh2 a5 32. Nf3 b5 33. Ne1 b4 34. axb4 axb4 35.
Bxb3 Bxb3 36. cxb4 Kc6 37. Nf3 Kb5 38. Ra1 Rxa1 39. Rxa1 Kxb4 40. Ra8 Kc3 41.
Bd2+ Kd3 42. Be3 Bd1 43. Ng5 Bh5 44. g4 Bg6 45. Kg3 c3 46. Rc8 c2 47. Nh3 Ke2
48. Nf4+ Kd1 49. Nxg6 fxg6 50. Bf4 g5 51. Be3 1-0

[Event "AUTO-ELITE-1650"]
[Site "http://www.queenalice.com/game.php?id=1476363"]
[Date "2017.5.2"]
[Round "2"]
[White "Sexxy_Bunny"]
[Black "gambito2014"]
[Result "1-0"]
[WhiteElo "2707"]
[BlackElo "2375"]

1. e4 e5 2. Nf3 Nc6 3. Bb5 a6 4. Ba4 Nf6 5. O-O Be7 6. Re1 b5 7. Bb3 d6 8. c3
O-O 9. h3 Re8 10. d4 Bb7 11. Nbd2 Bf8 12. d5 Nb8 13. Nf1 Nbd7 14. N3h2 Nc5 15.
Bc2 c6 16. b4 Ncd7 17. dxc6 Bxc6 18. Bg5 Qc8 19. Ng3 a5 20. bxa5 Rxa5 21. Bb3 h6
22. Bxf6 1-0

[Event "AUTO-ELITE-1650"]
[Site "http://www.queenalice.com/game.php?id=1476364"]
[Date "2017.5.2"]
[Round "2"]
[White "gambito2014"]
[Black "Sexxy_Bunny"]
[Result "0-1"]
[WhiteElo "2372"]
[BlackElo "2708"]

1. e4 c5 2. Nf3 d6 3. d4 cxd4 4. Nxd4 Nf6 5. Nc3 a6 6. Be2 e5 7. Nb3 Be7 8. O-O
O-O 9. Be3 Be6 10. Qd3 Nbd7 11. a4 Rc8 12. a5 Qc7 13. Rfd1 Rfe8 14. Bf3 Qc4 15.
Qd2 Qc6 16. h3 h6 17. Rdc1 Qc7 18. Qd1 Rcd8 19. Nd2 Nh7 20. Kh2 Ng5 21. Kg1 Rf8
0-1

[Event "AUTO-ELITE-1650"]
[Site "http://www.queenalice.com/game.php?id=1476367"]
[Date "2017.5.2"]
[Round "2"]
[White "gambito2014"]
[Black "FabioDavid"]
[Result "0-1"]
[WhiteElo "2404"]
[BlackElo "2512"]

1. e4 e6 2. d4 d5 3. e5 c5 4. c3 Nc6 5. Nf3 Nge7 6. Bd3 cxd4 7. cxd4 Nb4 8. Bb5+
Bd7 9. Be2 Nf5 10. Nc3 Nc6 11. O-O Be7 12. Bd3 g6 13. Bxf5 gxf5 0-1

[Event "AUTO-ELITE-1650"]
[Site "http://www.queenalice.com/game.php?id=1476368"]
[Date "2017.5.2"]
[Round "2"]
[White "FabioDavid"]
[Black "gambito2014"]
[Result "1-0"]
[WhiteElo "2518"]
[BlackElo "2389"]

1. b3 e5 2. Bb2 Nc6 3. e3 d6 4. Bb5 Bd7 5. Nf3 a6 6. Bxc6 Bxc6 7. O-O Nf6 8. c4
Be7 9. d4 Bxf3 10. Qxf3 e4 11. Qf4 Qd7 12. Nc3 d5 13. cxd5 Bd6 14. Qh4 1-0